000 00359 a2200145 4500
001 164985
020 _a
040 _cMagnum
100 _aOliveira, Maria Rita Neto Sales Et Al.
240 1 0 _aDidatica: ruptura, compromisso e pesquisa
_lpor
245 1 0 _aDidatica: ruptura, compromisso e pesquisa
362 0 _a1899
697 _aPEDAGOGIA
942 _cBK
999 _c164985
_d164985